| 000 | 01045nam0a22002891 4500 | ||
|---|---|---|---|
| 001 | RU\NLR\A1SV\134799 | ||
| 005 | 20251203171251.9 | ||
| 035 | _a(NLR Aleph) 010679534 | ||
| 090 |
_a9641156 _c9641156 |
||
| 100 | _a20150130d1926 u y0rusy50 ca | ||
| 101 | 0 | _arus | |
| 102 | _aRU | ||
| 200 | 1 |
_aМануфактурные товары _fН.Н.Шелихов и А.Лапин _gПод метод ред. Б.Н.Компанейского |
|
| 210 |
_aМ. _cЦентросоюз _d1926 |
||
| 215 |
_a152 с. _cил., табл. _d26 см |
||
| 225 |
_aЗаоч. кооп. курсы Центросоюза [утвержд. Главпрофобром] _v№ 16 |
||
| 620 | _dМосква | ||
| 700 | 1 |
_aШелихов _bН.Н. _gНиколай Николаевич |
|
| 701 | 1 |
_aЛапин _bА. |
|
| 702 | 1 |
_aКомпанейский _bБ.Н. _f1885-1965 _gБорис Николаевич |
|
| 801 | 0 |
_aRU _bNLR _c20150130 |
|
| 852 |
_aNLR _j17.163.5.27-16а |
||
| 899 | _aНБ БГУЭП | ||
| 942 | _cBOOK | ||
| 980 | _aNB | ||
| 980 | _aA1SV | ||